000 00334nam a2200121Ia 4500
008 220120s9999||||xx |||||||||||||| ||und||
020 _a9780070681880
100 _aSinha, Umesh
_91192
245 0 _aTransmission lines and networking
260 _aSathya prakasana
_bNew delhi
_c2006
300 _axxviii;894
_b550
650 _aHUMANITIES
999 _c132526
_d132526